[Event "ESP-chT Div I 2018"]
[Site "Linares"]
[Date "2018.08.07"]
[Round "2"]
[White "Cramling, Pia"]
[Black "Franco Alonso, Alejandro"]
[Result "1-0"]
[WhiteElo "2453"]
[BlackElo "2410"]
[Annotator "ChessBase"]
[PlyCount "81"]
[EventDate "2018.08.06"]
[EventType "team-tourn"]
[EventCountry "ESP"]
[SourceTitle "playchess.com"]
[Source "ChessBase"]
[SourceQuality "1"]
[TimeControl "40/5400+30:1800+30"]

1. Nf3 {[%emt 0:00:00]} Nf6 {[%emt 0:00:00]} 2. c4 {[%emt 0:00:00]} e6 {[%emt 0:00:00]} 3. g3 {[%emt 0:00:00]} d5 {[%emt 0:00:07]} 4. Bg2 {[%emt 0:00:02]} dxc4 {[%emt 0:00:17]} 5. Qa4+ {[%emt 0:00:17]} c6 {[%emt 0:00:18]} 6. Qxc4 {[%emt 0:00:11]} b5 {[%emt 0:00:09]} 7. Qc2 {[%emt 0:02:04]} Bb7 {[%emt 0:00:10]} 8. d4 {[%emt 0:11:36]} Nbd7 {[%emt 0:01:31]} 9. Ne5 {[%emt 0:02:45]} Nxe5 {[%emt 0:06:08]} 10. dxe5 {[%emt 0:00:05]} Nd7 {[%emt 0:00:13]} 11. O-O {[%emt 0:01:08]} Qb6 {[%emt 0:13:14]} 12. Bf4 {[%emt 0:08:17]} Be7 {[%emt 0:04:11]} 13. Nc3 {[%emt 0:09:49]} O-O {[%emt 0:02:59]} 14. Rfd1 {[%emt 0:02:15]} Rfd8 {[%emt 0:00:55]} 15. Ne4 {[%emt 0:03:26]} c5 {[%emt 0:03:34]} 16. Bg5 {[%emt 0:03:26]} Bxg5 {[%emt 0:17:44]} 17. Nxg5 {[%emt 0:02:02]} Nf8 {[%emt 0:00:18]} 18. Bxb7 {[%emt 0:07:55]} Qxb7 {[%emt 0:00:08]} 19. Qxc5 {[%emt 0:00:58]} h6 {[%emt 0:09:06]} 20. Nf3 {[%emt 0:00:30]} Rdc8 {[%emt 0:00:18]} 21. Qe3 {[%emt 0:01:11]} Rc4 {[%emt 0:05:47]} 22. Rd4 {[%emt 0:05:17]} Rc2 {[%emt 0:01:26]} 23. Rd2 {[%emt 0:06:16]} Rac8 {[%emt 0:03:53]} 24. Rad1 {[%emt 0:00:36]} Rxd2 {[%emt 0:02:51]} 25. Rxd2 {[%emt 0:02:04]} Rc1+ {[%emt 0:00:58]} 26. Kg2 {[%emt 0:00:07]} Rc8 {[%emt 0:05:01]} 27. Rd6 {[%emt 0:10:59]} Nd7 {[%emt 0:06:22]} 28. Qd4 {[%emt 0:03:49]} Rc7 {[%emt 0:00:46]} 29. h4 {[%emt 0:01:00]} Nf8 {[%emt 0:01:19]} 30. Qd3 {[%emt 0:02:59]} a6 {[%emt 0:02:57]} 31. Kh2 {[%emt 0:00:45]} Rc1 {[%emt 0:01:57]} 32. Qd2 {[%emt 0:03:17]} Rc8 {[%emt 0:01:35]} 33. Qd3 {[%emt 0:04:48]} Rc1 {[%emt 0:00:27]} 34. h5 {[%emt 0:00:50]} Rc8 {[%emt 0:02:25]} 35. Ne1 {[%emt 0:01:10]} Rc1 {[%emt 0:00:39]} 36. Qd2 {[%emt 0:00:31]} Ra1 {[%emt 0:05:00]} 37. a3 {[%emt 0:00:47]} Qe4 {[%emt 0:00:36]} 38. Rd8 {[%emt 0:01:03]} Qxe5 {[%emt 0:02:47]} 39. Rxf8+ {[%emt 0:00:12]} Kh7 {[%emt 0:00:04]} 40. Qd3+ {[%emt 0:01:40]} f5 {[%emt 0:00:08]} 41. Qd8 {[%emt 0:30:29]} 1-0

[Event "ESP-chT Div I 2018"]
[Site "Linares"]
[Date "2018.08.07"]
[Round "2"]
[White "Almagro Llamas, Pablo"]
[Black "Badillo Ramos, Steve"]
[Result "1-0"]
[WhiteElo "2442"]
[BlackElo "1901"]
[Annotator "NA"]
[PlyCount "107"]
[EventDate "2018.08.06"]
[EventType "team-tourn"]
[EventCountry "ESP"]
[SourceTitle "playchess.com"]
[Source "ChessBase"]
[SourceQuality "1"]
[TimeControl "40/5400+30:1800+30"]

1. Nf3 {[%emt 0:00:00]} Nf6 {[%emt 0:00:00]} 2. c4 {[%emt 0:01:37]} e6 {[%emt 0:00:30]} 3. d4 {[%emt 0:01:18]} b6 {[%emt 0:01:22]} 4. e3 {[%emt 0:01:30]} Bb7 {[%emt 0:01:54]} 5. Bd3 {[%emt 0:00:13]} Be7 {[%emt 0:07:25]} 6. O-O {[%emt 0:01:02]} O-O {[%emt 0:00:11]} 7. b3 {[%emt 0:04:05]} c5 {[%emt 0:01:01]} 8. Bb2 {[%emt 0:02:37]} cxd4 {[%emt 0:02:08]} 9. exd4 {[%emt 0:02:06]} d5 {[%emt 0:00:21]} 10. Nbd2 {[%emt 0:00:17]} Ne4 {[%emt 0:05:34]} 11. Qe2 {[%emt 0:08:32]} f5 {[%emt 0:02:14]} 12. Rfd1 {[%emt 0:00:51]} Nd7 {[%emt 0:02:02]} 13. Rac1 {[%emt 0:00:56]} g5 {[%emt 0:08:13]} 14. cxd5 {[%emt 0:10:59]} exd5 {[%emt 0:00:44]} 15. Nf1 {[%emt 0:00:14]} Bd6 {[%emt 0:06:53]} 16. Ne5 {[%emt 0:13:35]} Bxe5 {[%emt 0:08:36]} 17. dxe5 {[%emt 0:00:33]} Ndc5 {[%emt 0:00:30]} 18. Bc4 {[%emt 0:03:56]} Ne6 {[%emt 0:04:48]} 19. Ne3 {[%emt 0:07:17]} Nf4 {[%emt 0:01:41]} 20. Qe1 {[%emt 0:00:14]} dxc4 {[%emt 0:06:51]} 21. Rxd8 {[%emt 0:00:36]} Raxd8 {[%emt 0:00:04]} 22. e6 {[%emt 0:21:40]} Nd3 {[%emt 0:06:01]} 23. Qe2 {[%emt 0:01:24]} Nxc1 {[%emt 0:01:15]} 24. Qxc4 {[%emt 0:05:59]} Rc8 {[%emt 0:02:48]} 25. Qb5 {[%emt 0:00:08]} Nc3 {[%emt 0:06:30]} 26. Bxc3 {[%emt 0:04:07]} Rxc3 {[%emt 0:01:44]} 27. e7 {[%emt 0:01:31]} Rc5 {[%emt 0:03:17]} 28. exf8=Q+ {[%emt 0:00:19]} Kxf8 {[%emt 0:00:08]} 29. Qd7 {[%emt 0:02:37]} Ne2+ {[%emt 0:00:40]} 30. Kf1 {[%emt 0:00:09]} Nf4 {[%emt 0:00:29]} 31. Ke1 {[%emt 0:00:48]} Nxg2+ {[%emt 0:04:31]} 32. Nxg2 {[%emt 0:00:55]} Bxg2 {[%emt 0:00:04]} 33. Qd8+ {[%emt 0:02:56]} Kf7 {[%emt 0:00:04]} 34. Qxg5 {[%emt 0:00:15]} Bf3 {[%emt 0:00:21]} 35. Kd2 {[%emt 0:01:08]} Be4 {[%emt 0:02:08]} 36. Ke3 {[%emt 0:00:38]} Bb1 {[%emt 0:02:59]} 37. Qh6 {[%emt 0:00:44]} Kg8 {[%emt 0:00:55]} 38. Qe6+ {[%emt 0:00:24]} Kf8 {[%emt 0:01:07]} 39. Qd6+ {[%emt 0:00:05]} Kf7 {[%emt 0:01:45]} 40. Qd7+ {[%emt 0:00:09]} Kf8 {[%emt 0:00:17]} 41. Qxa7 {[%emt 0:30:15]} Ra5 {[%emt 0:30:14]} 42. Qb8+ {[%emt 0:00:31]} Kf7 {[%emt 0:01:03]} 43. a4 {[%emt 0:00:11]} Be4 {[%emt 0:01:32]} 44. Qc7+ {[%emt 0:00:29]} Kg8 {[%emt 0:00:40]} 45. Qxb6 {[%emt 0:00:59]} Rd5 {[%emt 0:00:02]} 46. b4 {[%emt 0:00:35]} Rd3+ {[%emt 0:00:17]} 47. Kf4 {[%emt 0:00:10]} Ra3 {[%emt 0:00:24]} 48. a5 {[%emt 0:00:22]} Bd3 {[%emt 0:00:42]} 49. Qe6+ {[%emt 0:00:17]} Kg7 {[%emt 0:00:14]} 50. Qe5+ {[%emt 0:00:15]} Kg6 {[%emt 0:00:15]} 51. Qb2 {[%emt 0:01:01]} Ra4 {[%emt 0:00:19]} 52. Qb3 {[%emt 0:00:18]} Bb5 {[%emt 0:00:05]} 53. Qe6+ {[%emt 0:00:11]} Kg7 {[%emt 0:00:05]} 54. Qe5+ {[%emt 0:00:08]} 1-0

[Event "ESP-chT Div I 2018"]
[Site "Linares"]
[Date "2018.08.07"]
[Round "2"]
[White "Gonzalez de la Torre, Santiago"]
[Black "Granero Roca, Antonio"]
[Result "1/2-1/2"]
[WhiteElo "2434"]
[BlackElo "2383"]
[Annotator "NA"]
[PlyCount "58"]
[EventDate "2018.08.06"]
[EventType "team-tourn"]
[EventCountry "ESP"]
[SourceTitle "playchess.com"]
[Source "ChessBase"]
[SourceQuality "1"]
[TimeControl "40/5400+30:1800+30"]

1. e4 {[%emt 0:00:00]} e5 {[%emt 0:00:00]} 2. Nf3 {[%emt 0:00:00]} Nc6 {[%emt 0:00:18]} 3. Bb5 {[%emt 0:00:31]} Nf6 {[%emt 0:00:50]} 4. d3 {[%emt 0:04:13]} Bc5 {[%emt 0:01:33]} 5. c3 {[%emt 0:00:29]} O-O {[%emt 0:01:59]} 6. O-O {[%emt 0:02:47]} d5 {[%emt 0:06:26]} 7. Nbd2 {[%emt 0:00:31]} dxe4 {[%emt 0:01:36]} 8. dxe4 {[%emt 0:00:44]} Qe7 {[%emt 0:02:34]} 9. b4 {[%emt 0:08:48]} Bd6 {[%emt 0:04:51]} 10. Bd3 {[%emt 0:00:35]} Rd8 {[%emt 0:03:04]} 11. Qe2 {[%emt 0:06:07]} Bg4 {[%emt 0:07:00]} 12. h3 {[%emt 0:00:36]} Bh5 {[%emt 0:00:46]} 13. Nc4 {[%emt 0:02:44]} Bxb4 {[%emt 0:06:45]} 14. cxb4 {[%emt 0:31:13]} Nd4 {[%emt 0:00:09]} 15. Qe3 {[%emt 0:00:11]} Bxf3 {[%emt 0:00:49]} 16. gxf3 {[%emt 0:00:10]} Nh5 {[%emt 0:00:39]} 17. Kh2 {[%emt 0:02:55]} Qf6 {[%emt 0:06:58]} 18. Rd1 {[%emt 0:04:51]} Nf4 {[%emt 0:10:32]} 19. Bb2 {[%emt 0:01:42]} Qh4 {[%emt 0:03:34]} 20. Bf1 {[%emt 0:00:23]} Nc2 21. Qc5 {[%emt 0:23:45]} b6 {[%emt 0:10:03]} 22. Nxb6 {[%emt 0:00:06]} Nd4 23. Bxd4 {[%emt 0:04:33]} exd4 {[%emt 0:03:09]} 24. Nd5 {[%emt 0:00:17]} Qxf2+ {[%emt 0:01:24]} 25. Kh1 {[%emt 0:00:04]} Qxf3+ {[%emt 0:07:50]} 26. Kh2 {[%emt 0:00:07]} Qf2+ {[%emt 0:02:24]} 27. Kh1 {[%emt 0:00:05]} Rxd5 {[%emt 0:00:39]} 28. exd5 {[%emt 0:01:03]} Qf3+ {[%emt 0:00:27]} 29. Kg1 {[%emt 0:01:17]} Qg3+ {[%emt 0:01:49]} 1/2-1/2

[Event "ESP-chT Div I 2018"]
[Site "Linares"]
[Date "2018.08.07"]
[Round "2"]
[White "Plazuelo Pascual, Juan"]
[Black "Alonso Alvarez, Aitor"]
[Result "1-0"]
[WhiteElo "2429"]
[BlackElo "2306"]
[Annotator "NA"]
[PlyCount "61"]
[EventDate "2018.08.06"]
[EventType "team-tourn"]
[EventCountry "ESP"]
[SourceTitle "playchess.com"]
[Source "ChessBase"]
[SourceQuality "1"]
[TimeControl "40/5400+30:1800+30"]

1. d4 {[%emt 0:00:00]} Nf6 {[%emt 0:00:00]} 2. c4 {[%emt 0:00:00]} e6 {[%emt 0:00:00]} 3. Nc3 {[%emt 0:00:21]} Bb4 {[%emt 0:00:35]} 4. f3 {[%emt 0:00:06]} O-O {[%emt 0:00:19]} 5. a3 {[%emt 0:00:27]} Bxc3+ {[%emt 0:00:40]} 6. bxc3 {[%emt 0:00:06]} d5 {[%emt 0:04:01]} 7. cxd5 {[%emt 0:00:44]} exd5 {[%emt 0:01:04]} 8. e3 {[%emt 0:00:57]} b6 {[%emt 0:05:12]} 9. Bd3 {[%emt 0:01:54]} Ba6 {[%emt 0:03:05]} 10. Ne2 {[%emt 0:00:27]} c5 {[%emt 0:07:46]} 11. O-O {[%emt 0:00:36]} Bxd3 {[%emt 0:03:50]} 12. Qxd3 {[%emt 0:00:07]} Re8 {[%emt 0:05:56]} 13. Ng3 {[%emt 0:01:02]} Nc6 {[%emt 0:03:43]} 14. Bb2 {[%emt 0:01:52]} Na5 {[%emt 0:04:26]} 15. e4 {[%emt 0:03:09]} Nc4 {[%emt 0:02:12]} 16. Bc1 {[%emt 0:01:29]} cxd4 {[%emt 0:01:02]} 17. cxd4 {[%emt 0:00:31]} b5 {[%emt 0:00:25]} 18. e5 {[%emt 0:07:07]} Nd7 {[%emt 0:01:02]} 19. f4 {[%emt 0:01:33]} a5 {[%emt 0:04:02]} 20. f5 {[%emt 0:06:02]} b4 {[%emt 0:04:53]} 21. f6 {[%emt 0:10:37]} g6 {[%emt 0:02:15]} 22. Nf5 {[%emt 0:10:41]} Qb6 {[%emt 0:29:18]} 23. Kh1 {[%emt 0:17:36]} b3 {[%emt 0:02:13]} 24. Bh6 {[%emt 0:04:40]} Ndxe5 {[%emt 0:09:45]} 25. dxe5 {[%emt 0:02:12]} Nxe5 {[%emt 0:00:02]} 26. Qg3 {[%emt 0:03:09]} Qxf6 {[%emt 0:01:53]} 27. Bg5 {[%emt 0:00:57]} Qb6 {[%emt 0:02:37]} 28. Ne7+ {[%emt 0:01:14]} Rxe7 {[%emt 0:00:18]} 29. Bxe7 {[%emt 0:00:04]} b2 {[%emt 0:00:35]} 30. Rae1 {[%emt 0:05:36]} Nc4 {[%emt 0:00:11]} 31. Qf3 {[%emt 0:00:27]} 1-0

[Event "ESP-chT Div I 2018"]
[Site "Linares"]
[Date "2018.08.07"]
[Round "2"]
[White "Argandona Riveiro, Inigo"]
[Black "Garcia Molina, Jose"]
[Result "1/2-1/2"]
[WhiteElo "2415"]
[BlackElo "1969"]
[Annotator "NA"]
[PlyCount "81"]
[EventDate "2018.08.06"]
[EventType "team-tourn"]
[EventCountry "ESP"]
[SourceTitle "playchess.com"]
[Source "ChessBase"]
[SourceQuality "1"]
[TimeControl "40/5400+30:1800+30"]

1. d3 {[%emt 0:00:00]} d5 {[%emt 0:03:25]} 2. c3 {[%emt 0:00:00]} Nf6 {[%emt 0:00:41]} 3. Nd2 {[%emt 0:00:05]} c5 {[%emt 0:03:29]} 4. e4 {[%emt 0:00:14]} Nc6 {[%emt 0:00:15]} 5. Ngf3 {[%emt 0:00:07]} e5 {[%emt 0:01:33]} 6. Be2 {[%emt 0:00:02]} Be7 {[%emt 0:02:49]} 7. O-O {[%emt 0:00:02]} O-O {[%emt 0:01:07]} 8. Re1 {[%emt 0:00:02]} Qc7 {[%emt 0:02:13]} 9. exd5 {[%emt 0:01:12]} Nxd5 {[%emt 0:01:28]} 10. Bf1 {[%emt 0:01:27]} Be6 {[%emt 0:08:58]} 11. Nc4 {[%emt 0:01:36]} f6 {[%emt 0:03:29]} 12. d4 {[%emt 0:02:06]} cxd4 {[%emt 0:01:50]} 13. cxd4 {[%emt 0:00:05]} Rad8 {[%emt 0:00:23]} 14. Ncd2 {[%emt 0:14:04]} Bf7 {[%emt 0:09:02]} 15. dxe5 {[%emt 0:01:17]} fxe5 {[%emt 0:00:12]} 16. a3 {[%emt 0:02:14]} Nf4 {[%emt 0:24:34]} 17. Qc2 {[%emt 0:03:47]} Qb8 {[%emt 0:10:34]} 18. Ne4 {[%emt 0:25:56]} Bg6 {[%emt 0:04:24]} 19. Qb3+ {[%emt 0:06:02]} Kh8 {[%emt 0:02:25]} 20. Bb5 {[%emt 0:17:36]} Nd4 {[%emt 0:09:54]} 21. Nxd4 {[%emt 0:00:23]} Rxd4 {[%emt 0:00:03]} 22. Bxf4 {[%emt 0:04:42]} Rxf4 {[%emt 0:00:39]} 23. f3 {[%emt 0:05:43]} Qf8 {[%emt 0:04:43]} 24. Bd3 {[%emt 0:04:22]} Bc5 {[%emt 0:01:31]} 25. Kh1 {[%emt 0:01:54]} Bb6 {[%emt 0:00:01]} 26. Rad1 {[%emt 0:04:30]} Rxf3 {[%emt 0:01:13]} 27. Rf1 {[%emt 0:01:03]} Rxf1+ {[%emt 0:01:49]} 28. Rxf1 {[%emt 0:00:05]} Qd8 {[%emt 0:00:01]} 29. Nf2 {[%emt 0:02:14]} e4 {[%emt 0:00:41]} 30. Bb5 {[%emt 0:00:56]} h6 {[%emt 0:00:33]} 31. Ng4 {[%emt 0:00:31]} Qe7 {[%emt 0:00:52]} 32. Qh3 {[%emt 0:00:24]} Kh7 {[%emt 0:00:08]} 33. b3 {[%emt 0:00:45]} Rd5 {[%emt 0:00:55]} 34. Bc4 {[%emt 0:00:14]} Rh5 {[%emt 0:00:01]} 35. Qg3 {[%emt 0:00:17]} Bc7 {[%emt 0:00:24]} 36. Qe3 {[%emt 0:01:06]} Qg5 {[%emt 0:00:01]} 37. Qxg5 {[%emt 0:00:37]} Rxg5 {[%emt 0:00:01]} 38. Rf8 {[%emt 0:00:12]} Rf5 {[%emt 0:00:52]} 39. Bg8+ {[%emt 0:00:48]} Kh8 {[%emt 0:00:12]} 40. Bf7+ {[%emt 0:00:07]} Kh7 {[%emt 0:00:06]} 41. Bg8+ {[%emt 0:30:07]} 1/2-1/2

[Event "ESP-chT Div I 2018"]
[Site "Linares"]
[Date "2018.08.07"]
[Round "2"]
[White "Tejedor Fuente, Enrique"]
[Black "Dvirnyy, Danyyil"]
[Result "1-0"]
[WhiteElo "2408"]
[BlackElo "2496"]
[Annotator "ChessBase"]
[PlyCount "51"]
[EventDate "2018.08.06"]
[EventType "team-tourn"]
[EventCountry "ESP"]
[SourceTitle "playchess.com"]
[Source "ChessBase"]
[SourceQuality "1"]
[TimeControl "40/5400+30:1800+30"]

1. e4 {[%emt 0:00:00]} c6 {[%emt 0:00:00]} 2. Nc3 {[%emt 0:00:15]} d5 {[%emt 0:00:00]} 3. Nf3 {[%emt 0:00:01]} Bg4 {[%emt 0:00:00]} 4. h3 {[%emt 0:00:03]} Bxf3 {[%emt 0:00:06]} 5. Qxf3 {[%emt 0:00:03]} e6 {[%emt 0:00:11]} 6. d3 {[%emt 0:02:31]} Nd7 {[%emt 0:00:19]} 7. Bd2 {[%emt 0:00:41]} Qb6 {[%emt 0:00:18]} 8. O-O-O {[%emt 0:01:47]} Bd6 {[%emt 0:00:13]} 9. g4 {[%emt 0:10:49]} Ne7 {[%emt 0:01:47]} 10. h4 {[%emt 0:01:43]} Be5 {[%emt 0:02:18]} 11. Qe2 {[%emt 0:12:27]} O-O-O {[%emt 0:02:03]} 12. f4 {[%emt 0:04:44]} Bd4 {[%emt 0:00:17]} 13. Re1 {[%emt 0:06:39]} dxe4 {[%emt 0:04:59]} 14. dxe4 {[%emt 0:02:29]} Bf2 {[%emt 0:00:16]} 15. Na4 {[%emt 0:08:26]} Qd4 {[%emt 0:01:17]} 16. Bc3 {[%emt 0:03:47]} Qxa4 {[%emt 0:00:23]} 17. Qxf2 {[%emt 0:00:12]} Qxa2 {[%emt 0:03:18]} 18. Bd3 {[%emt 0:03:38]} f6 {[%emt 0:07:18]} 19. Kd2 {[%emt 0:02:58]} Nb6 {[%emt 0:06:07]} 20. Ra1 {[%emt 0:03:51]} Qc4 {[%emt 0:00:10]} 21. Rxa7 {[%emt 0:19:45]} Qxe4 {[%emt 0:09:28]} 22. Re1 {[%emt 0:06:15]} Nc4+ {[%emt 0:01:08]} 23. Kc1 {[%emt 0:00:01]} Qd5 {[%emt 0:00:13]} 24. b3 {[%emt 0:03:37]} Nd6 {[%emt 0:01:43]} 25. Ra5 {[%emt 0:00:24]} b5 {[%emt 0:00:56]} 26. Ra7 {[%emt 0:00:33]} 1-0

[Event "ESP-chT Div I 2018"]
[Site "Linares"]
[Date "2018.08.07"]
[Round "2"]
[White "Alonso Moyano, Jonathan"]
[Black "Vazquez Igarza, Renier"]
[Result "0-1"]
[WhiteElo "2388"]
[BlackElo "2577"]
[Annotator "RC"]
[PlyCount "87"]
[EventDate "2018.08.06"]
[EventType "team-tourn"]
[EventCountry "ESP"]
[SourceTitle "playchess.com"]
[Source "ChessBase"]
[SourceQuality "1"]
[TimeControl "40/5400+30:1800+30"]

1. e4 {[%emt 0:00:00]} c5 {[%emt 0:00:00]} 2. Nc3 {[%emt 0:00:00]} d6 {[%emt 0:01:01]} 3. f4 {[%emt 0:01:07]} g6 {[%emt 0:00:15]} 4. Nf3 {[%emt 0:00:13]} Bg7 {[%emt 0:00:07]} 5. Bb5+ {[%emt 0:00:51]} Bd7 {[%emt 0:00:09]} 6. Bxd7+ {[%emt 0:00:55]} Qxd7 {[%emt 0:00:06]} 7. O-O {[%emt 0:00:43]} Nc6 {[%emt 0:00:05]} 8. d3 {[%emt 0:00:22]} Nh6 {[%emt 0:00:16]} 9. Bd2 {[%emt 0:12:04]} f5 {[%emt 0:00:27]} 10. Rb1 {[%emt 0:00:24]} O-O {[%emt 0:00:28]} 11. a3 {[%emt 0:01:29]} Rac8 {[%emt 0:01:10]} 12. Kh1 {[%emt 0:04:39]} b6 {[%emt 0:00:38]} 13. Ne2 {[%emt 0:01:41]} Nd4 {[%emt 0:02:21]} 14. c3 {[%emt 0:05:04]} Nxf3 {[%emt 0:00:25]} 15. Rxf3 {[%emt 0:00:06]} e6 {[%emt 0:09:07]} 16. c4 {[%emt 0:15:57]} Ng4 {[%emt 0:05:00]} 17. h3 {[%emt 0:05:50]} Nf6 {[%emt 0:00:35]} 18. Nc3 {[%emt 0:00:11]} Qc6 {[%emt 0:02:56]} 19. Qe2 {[%emt 0:01:35]} Rce8 {[%emt 0:00:08]} 20. b4 {[%emt 0:06:29]} Nh5 {[%emt 0:00:37]} 21. b5 {[%emt 0:04:14]} Qb7 {[%emt 0:04:10]} 22. Rbf1 {[%emt 0:14:09]} Bd4 {[%emt 0:00:57]} 23. exf5 {[%emt 0:07:12]} gxf5 {[%emt 0:04:29]} 24. Qd1 {[%emt 0:03:04]} Kh8 {[%emt 0:08:44]} 25. Ne2 {[%emt 0:00:17]} Rg8 {[%emt 0:00:18]} 26. Qe1 {[%emt 0:04:30]} Qg7 {[%emt 0:02:38]} 27. g3 {[%emt 0:00:02]} e5 {[%emt 0:01:03]} 28. fxe5 {[%emt 0:02:47]} Rxe5 {[%emt 0:00:38]} 29. Qd1 {[%emt 0:02:43]} Rxe2 {[%emt 0:01:08]} 30. Qxe2 {[%emt 0:00:05]} Nxg3+ {[%emt 0:00:40]} 31. Rxg3 {[%emt 0:00:04]} Qxg3 {[%emt 0:00:11]} 32. Qf3 {[%emt 0:00:26]} Be5 {[%emt 0:02:34]} 33. Qxg3 {[%emt 0:00:38]} Rxg3 {[%emt 0:00:07]} 34. Rxf5 {[%emt 0:00:26]} Rxd3 {[%emt 0:02:05]} 35. Bf4 {[%emt 0:01:10]} Bxf4 {[%emt 0:01:17]} 36. Rxf4 {[%emt 0:00:04]} Rxh3+ {[%emt 0:01:24]} 37. Kg2 {[%emt 0:00:02]} Rxa3 {[%emt 0:00:09]} 38. Rf8+ {[%emt 0:00:14]} Kg7 {[%emt 0:00:07]} 39. Rd8 {[%emt 0:00:02]} Ra4 {[%emt 0:01:22]} 40. Rd7+ {[%emt 0:00:07]} Kf6 {[%emt 0:00:16]} 41. Rxd6+ {[%emt 0:30:13]} Ke5 {[%emt 0:30:18]} 42. Rd7 {[%emt 0:00:58]} h5 {[%emt 0:01:02]} 43. Rd5+ {[%emt 0:00:49]} Ke4 {[%emt 0:00:15]} 44. Rxh5 {[%emt 0:00:07] Ke5} 0-1

[Event "ESP-chT Div I 2018"]
[Site "Linares"]
[Date "2018.08.07"]
[Round "2"]
[White "Andres Gonzalez, Ivan"]
[Black "Espinosa Aranda, Angel"]
[Result "0-1"]
[WhiteElo "2349"]
[BlackElo "2451"]
[Annotator "TA"]
[PlyCount "106"]
[EventDate "2018.08.06"]
[EventType "team-tourn"]
[EventCountry "ESP"]
[SourceTitle "playchess.com"]
[Source "ChessBase"]
[SourceQuality "1"]

{[%evp 14,106,-19,-50,-41,-33,-40,-31,-35,-54,-50,-70,-66,-56,-52,-58,-27,-20,-17,-16,-27,-31,-17,-15,-17,-17,-17,-17,-17,-17,-17,-17,-17,-17,-29,-81,-7,-243,-211,-195,-200,-203,-210,-199,-200,-199,-202,-197,-187,-268,-266,-316,-307,-313,-313,-302,-303,-351,-342,-334,-313,-352,-336,-347,-348,-396,-382,-404,-284,-289,0,-397,-416,-398,-416,-479,-455,-537,-529,-714,-708,-799,-787,-609,-573,-1276,-1016,-2044,-2112,-2320,-1459,-1286,-974,-2528,-1668]} 1. e4 c5 2. Nc3 g6 3. f4 Bg7 4. Nf3 Nc6 5. Bb5 Nd4 6. Bc4 e6 7. O-O Ne7 {B23: Sizilianisch (Geschlossenes System)} 8. Nxd4 {LiveBook: 5 Partien} Bxd4+ 9. Kh1 d5 {Schwarz steht etwas besser.} 10. Bb5+ Bd7 $146 ({Vorgänger:} 10... Kf8 11. Be2 dxe4 12. Nxe4 b6 13. c3 Bg7 14. d3 Bb7 15. Qc2 {0-1 (60) Dinev,D (2342)-Damljanovic,B (2566) Skopje 2014}) 11. Qe2 O-O 12. e5 c4 13. Bxd7 $1 Qxd7 14. Nd1 f6 15. c3 Bb6 16. exf6 $1 Rxf6 17. b3 Raf8 {[%cal Ba8f8,Bf8f4,Bf4e4,Be4h4][%mdl 32]} 18. bxc4 Rxf4 19. Rxf4 Rxf4 20. d4 Re4 21. Qf1 $1 {Droht stark Sf2.} Nf5 {...Th4 ist eine echte Drohung.} 22. Nf2 Rh4 23. Kg1 Qc7 {[%csl Gh4][%cal Rc7h2]} 24. h3 {[#]} Qg3 $40 {[%mdl 128] Schwarz hat was vor.} (24... e5 $1 $17 {[%cal Re5d4]} 25. Qe1 exd4 26. Qe6+ (26. Qe8+ Kg7 $17) 26... Qf7 27. Qc8+ Kg7) 25. Qd3 $2 (25. Qe2 $11) 25... Qxd3 26. Nxd3 {[#]} Rxd4 $1 {[%mdl 512]} 27. cxd4 Bxd4+ 28. Kf1 {Und weiter mit Lb2 wäre nett.} Bxa1 29. cxd5 exd5 $19 {[%mdl 4096] Endspiel KLS-KLS} 30. Nf4 Ne7 31. Ba3 (31. Ne6 {war nötig.}) 31... Be5 32. Nd3 Nc6 33. Ke2 Kf7 34. Ke3 b6 35. Ne1 Ke6 36. Nf3 Bf6 37. Bf8 Ne5 38. Nd4+ Kf7 39. Bb4 Nc4+ 40. Kd3 Nb2+ 41. Ke3 Nc4+ 42. Kd3 Bxd4 43. Kxd4 {KL-KS} Ke6 44. Be1 Ne5 {Schwarz steht klar auf Gewinn.} 45. Bg3 Nc6+ 46. Kc3 b5 47. Bc7 d4+ 48. Kd3 Kd5 49. a3 a5 {[%cal Ba7a5,Ba5a4][%mdl 32]} 50. Bf4 a4 51. Bd2 Ne5+ 52. Kc2 Nc4 53. Bc1 Ke5 {Precision: Weiß = 48%, Schwarz = 68%.} 0-1

[Event "ESP-chT Div I 2018"]
[Site "Linares"]
[Date "2018.08.07"]
[Round "2"]
[White "Ortega Hermida, Daniel"]
[Black "Gonzalez Laso, Adrian"]
[Result "1-0"]
[WhiteElo "2334"]
[BlackElo "2168"]
[Annotator "NA"]
[PlyCount "71"]
[EventDate "2018.08.06"]
[EventType "team-tourn"]
[EventCountry "ESP"]
[SourceTitle "playchess.com"]
[Source "ChessBase"]
[SourceQuality "1"]
[TimeControl "40/5400+30:1800+30"]

1. e4 {[%emt 0:00:00]} c5 {[%emt 0:00:09]} 2. Nf3 {[%emt 0:00:00]} Nc6 {[%emt 0:01:13]} 3. d4 {[%emt 0:00:00]} cxd4 {[%emt 0:00:08]} 4. Nxd4 {[%emt 0:00:02]} Nf6 {[%emt 0:00:17]} 5. Nc3 {[%emt 0:00:13]} e5 {[%emt 0:00:28]} 6. Ndb5 {[%emt 0:00:26]} d6 {[%emt 0:00:08]} 7. Bg5 {[%emt 0:00:53]} a6 {[%emt 0:00:11]} 8. Na3 {[%emt 0:01:00]} b5 {[%emt 0:00:09]} 9. Bxf6 {[%emt 0:00:35]} gxf6 {[%emt 0:00:10]} 10. Nd5 {[%emt 0:00:26]} Bg7 {[%emt 0:00:14]} 11. g3 {[%emt 0:01:24]} f5 {[%emt 0:01:28]} 12. Bg2 {[%emt 0:00:35]} f4 {[%emt 0:00:58]} 13. c4 {[%emt 0:02:20]} b4 {[%emt 0:03:35]} 14. Nb1 {[%emt 0:02:26]} Rb8 {[%emt 0:03:21]} 15. Nd2 {[%emt 0:00:14]} O-O {[%emt 0:02:24]} 16. O-O {[%emt 0:07:09]} Ne7 {[%emt 0:24:12]} 17. Qh5 {[%emt 0:08:48]} Nxd5 {[%emt 0:26:28]} 18. cxd5 {[%emt 0:02:09]} f5 {[%emt 0:01:18]} 19. Bh3 {[%emt 0:14:14]} fxg3 {[%emt 0:06:39]} 20. hxg3 {[%emt 0:11:43]} f4 {[%emt 0:00:10]} 21. Bf5 {[%emt 0:07:27]} Bxf5 {[%emt 0:01:17]} 22. exf5 {[%emt 0:00:11]} Rf6 {[%emt 0:07:17]} 23. Ne4 {[%emt 0:03:02]} Rh6 {[%emt 0:01:06]} 24. Qg4 {[%emt 0:11:55]} Kh8 {[%emt 0:00:21]} 25. Kg2 {[%emt 0:00:34]} Qa5 {[%emt 0:01:48]} 26. Rfd1 {[%emt 0:03:23]} Rg8 {[%emt 0:00:15]} 27. Qf3 {[%emt 0:03:00]} Rf8 {[%emt 0:07:14]} 28. g4 {[%emt 0:05:48]} Rh4 {[%emt 0:00:49]} 29. Rh1 {[%emt 0:04:15]} Rxh1 {[%emt 0:01:07]} 30. Rxh1 {[%emt 0:00:10]} Kg8 {[%emt 0:00:30]} 31. a3 {[%emt 0:06:05]} bxa3 {[%emt 0:01:52]} 32. bxa3 {[%emt 0:00:04]} h6 {[%emt 0:01:23]} 33. f6 {[%emt 0:00:48]} Bxf6 {[%emt 0:01:38]} 34. Rxh6 {[%emt 0:00:06]} Kg7 {[%emt 0:00:10]} 35. g5 {[%emt 0:01:12]} Bxg5 {[%emt 0:02:15]} 36. Rxd6 {[%emt 0:00:08]} 1-0